| 000 | 00614cam a2200169 4500 | ||
|---|---|---|---|
| 001 | ABS60958 | ||
| 008 | 000000n1999 000 0 eng u | ||
| 035 | _a(Sirsi) u101504 | ||
| 100 | _aChilton, M. | ||
| 245 | _aPutting the bricks in place. | ||
| 260 | _c1999 | ||
| 490 |
_aMoney Management _vAugust 1999, 65-67(3) |
||
| 520 | _aThe author, managing director of Savills Private Finance, suggests that good past returns and low volatility make residential property investment appealing for many people. Statistics. | ||
| 650 | _aSTATISTICS | ||
| 690 | _aPROPERTY-PROPERTY FINANCE AND INVESTMENT | ||
| 942 | _n0 | ||
| 999 |
_c60636 _d60636 |
||